000 00820nam a2200205 4500
001 145244
003 ES-MaACL
005 20230906201207.0
007 t|
008 070214s1946 sp r ||||1| spa d
100 1 _aSouvirón, Sebastián.
_9107606
245 1 0 _aBernardo de Gálvez
_b: virrey de Méjico : (un infante de la marina española) : Málaga, año 1946 : (II centenario de su nacimiento) /
_cSebastián Souvirón.
260 _aMálaga :
_bDiputación Provincial,
_c1946.
300 _a118 p., 8 lám :
_bil. ;
_c16 cm.
490 1 _aPublicaciones del Instituto de Cultura. Serie B ;
_v1
710 1 _aMálaga (Provincia).
_bDiputación Provincial.
_95636
830 0 _aPublicaciones del Instituto de Cultura. Serie B ;
_v1
_9185567
852 _aES-MaACL
_jD-5748
_bR.26180
999 _c145244
_d145244